| 000 | 00786cab a22002055a 4500 | ||
|---|---|---|---|
| 001 | L152039 | ||
| 008 | 110127e20110122xxk 000 0 eng d | ||
| 035 | _a(Sirsi) u152039 | ||
| 041 | 0 | _aeng | |
| 100 | 1 | _aRandall, Simon | |
| 245 | 0 | 0 | _aBrave new world |
| 260 | _c2011 | ||
| 490 |
_aEstates Gazette _v(1103) 22 January 2011, 77(3) |
||
| 520 | _aOutlines proposals in the Decentralisation and Localism Bill for giving local authorities powers to make decision on a local basis. Parish and town councils will play a central role based on the local community principle and promoting the concept of the Big Society. | ||
| 590 | _aKA | ||
| 650 | 2 | 4 | _aDECENTRALISATION AND LOCALISM BILL |
| 651 | 4 |
_aEngland and Wales _y1543- |
|
| 690 |
_aPlanning and development _96259 |
||
| 942 | _n0 | ||
| 999 |
_c82887 _d82887 |
||